00751 2200253 4500001002100000005001700021008004100038020001800079035002400097082001200121090002400133100001700157245009000174250001500264260003400279300002900313500001200342500003100354650002800385650003400413700001800447850001200465999002000477YOGYA-0311000000074920110331132338.0 ind  a979-533-151-5 0010-031100000000749 a005.369 a005.369bBud PlDEP aBUDI RAHARJO aPenulisan laporan dan skripsi menggunakan chi writercBudi Rahardjo dan Joko Irawan M aEd.1,cet.2 aYogyakartabAndi Offsetc1995 aix, 136 hlmbilusc23 cm aIndeks. aBibliografi : hlm. 107-108 aDesertasi dan penulisan aChi writer (Program komputer) aJoko Irawan M aYOPDYOG a95-148 CB-D. 11